00393nam a22001337a 4500003000400000008004100004082001600045100002000061245009300081260003200174300000900206502001500215650002900230OSt260429b |||||||| |||| 00| 0 eng d a634.6bD18R aDas, Ajay Kumar aResponse of Bio-Regulators on Air Layering in Litchi (Litchi Chinensis Sonn.) var"Purbi" aPusa, SamastipurbRAUc2003 a47P. bMsc.d2003 aFruit & Fruit Technology